000 00794cam a2200253 a 4500
003 MX-MxUPN
005 20241129063739.0
008 190904s2003 ve a ar 000 j spa d
020 _a9803293494
035 _aUPN01000232599
040 _aMX-MxUPN
_bspa
050 4 _aPQ8179 P6
_bD48 2003
100 1 _aPombo, Rafael,
_d1833-1912
_935580
245 1 0 _aDesventuras del tío conejo :
_bal cuidado del hombre
260 _aTachira, Venezuela :
_bLecturas Felices,
_c2003
300 _a15 páginas :
_bilustraciones a color
490 0 _aRafael Pombo
650 4 _952142
_aFabulas colombianas
650 4 _aConejos
_vCuentos y leyendas
_922085
700 1 _951499
_aCuero, Francisco
_eilustración
902 _bVíctorGodínez/300524
942 _2lcc
_cLIBRO
999 _c204694
_d204694